Gaming Quiz

Random Gaming or Video Games Quiz

Yoshi's Woolly World Quiz Stats

 Plays Quiz Updated Mar 29, 2019

Support Sporcle.
Go Orange.
Score 0/30 Timer 06:00
8 Plays Today
% Correct
Mario Yoshi
99.8%
Donkey Kong Yoshi
82.9%
Link Yoshi
82.4%
Bowser Yoshi
79.3%
Sonic Yoshi
74%
Luigi Yoshi
72.3%
Yoshi Yoshi
65.3%
Samus Yoshi
64.6%
Princess Peach Yoshi
63.1%
Diddy Kong Yoshi
62.4%
Wario Yoshi
61.6%
Kirby Yoshi
60.5%
Captain Falcon Yoshi
59.6%
Princess Zelda Yoshi
50.8%
Mega Man Yoshi
50.6%
% Correct
King Dedede Yoshi
49.8%
Ness Yoshi
49.7%
Meta Knight Yoshi
45.6%
Rosalina Yoshi
45.5%
Little Mac Yoshi
42.9%
Fox McCloud Yoshi
42.8%
Ganondorf Yoshi
42.2%
Pac-Man Yoshi
41.6%
Wii Fit Trainer Yoshi
40.9%
Villager Yoshi
38.5%
Sheik Yoshi
38.4%
Marth Yoshi
36.8%
Ike Yoshi
34%
Palutena Yoshi
32.1%
Pit Yoshi
25.8%

From the Vault

Finish the Song with a Band

by strokes_static

Music 4m
Hopefully a band began the song as well.
Remove Ads.
Support Sporcle.
Get the best of Sporcle when you Go Orange. This ad-free experience offers more features, more stats, and more fun while also helping to support Sporcle. Thank you for becoming a member.

Show Comments

Extras

Top Quizzes Today


Score Distribution

Your Account Isn't Verified!

In order to create a playlist on Sporcle, you need to verify the email address you used during registration. Go to your Sporcle Settings to finish the process.

Report this User

Report this user for behavior that violates our Community Guidelines.

Details: